Dr. S. R. Lasker Library Online Catalogue

Home      Library Home      Institutional Repository      E-Resources      MyAthens      EWU Home

Design of library automation systems : (Record no. 1307)

MARC details
000 -LEADER
fixed length control field 02841cam a2200409 a 4500
001 - CONTROL NUMBER
control field 1307
003 - CONTROL NUMBER IDENTIFIER
control field BD-DhEWU
005 - DATE AND TIME OF LATEST TRANSACTION
control field 20190506020001.0
008 - FIXED-LENGTH DATA ELEMENTS--GENERAL INFORMATION
fixed length control field 951013s1996 nyua g b 000 0 eng
020 ## - INTERNATIONAL STANDARD BOOK NUMBER
International Standard Book Number 0471138843 (cloth : alk. paper)
035 ## - SYSTEM CONTROL NUMBER
System control number (OCoLC)33358838
040 ## - CATALOGING SOURCE
Original cataloging agency DLC
Transcribing agency DLC
Modifying agency DLC
-- BD-DhEWU
Language of cataloging eng
041 ## - LANGUAGE CODE
Language code of text/sound track or separate title eng
050 00 - LIBRARY OF CONGRESS CALL NUMBER
Classification number Z678.9
Item number .C626 1996
082 00 - DEWEY DECIMAL CLASSIFICATION NUMBER
Classification number 025.00285
Edition number 22
Item number COD 1996
100 1# - MAIN ENTRY--PERSONAL NAME
Personal name Cooper, Michael D.
Fuller form of name (Michael David),
9 (RLIN) 15963
245 10 - TITLE STATEMENT
Title Design of library automation systems :
Remainder of title file structures, data structures, and tools /
Statement of responsibility, etc Michael D. Cooper.
260 ## - PUBLICATION, DISTRIBUTION, ETC. (IMPRINT)
Place of publication, distribution, etc New York :
Name of publisher, distributor, etc Wiley,
Date of publication, distribution, etc c1996.
300 ## - PHYSICAL DESCRIPTION
Extent xviii, 638 p. :
Other physical details ill. ;
Dimensions 25 cm.
500 ## - GENERAL NOTE
General note "Wiley Computer Publishing."
General note Online version:<br/>Cooper, Michael D. (Michael David), 1941-<br/>Design of library automation systems.<br/>New York : Wiley, c1996<br/>(OCoLC)603705614<br/>Online version:<br/>Cooper, Michael D. (Michael David), 1941-<br/>Design of library automation systems.<br/>New York : Wiley, c1996<br/>(OCoLC)608384695
504 ## - BIBLIOGRAPHY, ETC. NOTE
Bibliography, etc Includes bibliographical references (p. 628) and index.
505 0# - FORMATTED CONTENTS NOTE
Formatted contents note 1. Introduction --<br/>2. Organization of Library Automation Activities --<br/>3. Computer System Configurations --<br/>4. Disk Drives and Disk Files --<br/>5. Online Catalogs --<br/>6. Library Circulation Systems --<br/>7. Library Acquisitions Systems --<br/>8. Library Serials Systems --<br/>9. Relational Database Design for an Integrated Library Automation System --<br/>9A. Integrated Data Dictionary for Library Automation --<br/>10. File Management --<br/>11. Indexes --<br/>12. Integrated File Management --<br/>13. Postings Files --<br/>14. MARC Record Management --<br/>15. Search Procedures --<br/>16. User Interface Management --<br/>16A. Line Mode Display of Menu --<br/>16B. Full-Screen Mode Display of Menu Using Curses --<br/>16C. Menu Display with Pop-Up Dialog Box --<br/>17. Browsing Procedures --<br/>18. Display Formatting --<br/>19. Record Editing --<br/>20. Accounting Systems --<br/>21. Data Validation --<br/>22. Authority Control --<br/>23. Client/Server System Design.
Title TOC
526 ## - STUDY PROGRAM INFORMATION NOTE
Program name Library
590 ## - LOCAL NOTE (RLIN)
Local note Shaharima Parvin
650 #0 - SUBJECT ADDED ENTRY--TOPICAL TERM
Topical term or geographic name as entry element Libraries
General subdivision Data processing.
9 (RLIN) 15964
Topical term or geographic name as entry element Libraries
General subdivision Automation.
9 (RLIN) 15965
Topical term or geographic name as entry element Computer programming.
9 (RLIN) 15966
Topical term or geographic name as entry element File organization (Computer science)
9 (RLIN) 5578
Topical term or geographic name as entry element Data structures (Computer science)
9 (RLIN) 1380
856 42 - ELECTRONIC LOCATION AND ACCESS
Materials specified Contributor biographical information
Uniform Resource Identifier http://www.loc.gov/catdir/bios/wiley042/95045827.html
Materials specified Publisher description
Uniform Resource Identifier http://www.loc.gov/catdir/description/wiley033/95045827.html
Materials specified Table of Contents
Uniform Resource Identifier http://www.loc.gov/catdir/toc/onix04/95045827.html
Materials specified WorldCat details
Uniform Resource Identifier http://www.worldcat.org/title/design-of-library-automation-systems-file-structures-data-structures-and-tools/oclc/33358838&referer=brief_results
942 ## - ADDED ENTRY ELEMENTS (KOHA)
Source of classification or shelving scheme Dewey Decimal Classification
Koha item type Text
Koha issues (borrowed), all copies 1
Holdings
Withdrawn status Lost status Source of classification or shelving scheme Damaged status Not for loan Collection code Home library Current library Shelving location Date acquired Source of acquisition Cost, normal purchase price Total Checkouts Full call number Barcode Date last seen Date checked out Copy number Koha item type
    Dewey Decimal Classification   Not For Loan Non-fiction Dr. S. R. Lasker Library, EWU Dr. S. R. Lasker Library, EWU Reserve Section 25/02/1997 Karim International 2189.00 1 025.00285 COD 1996 543 09/05/2019 05/05/2019 C-1 Text